| 000 | nam a22 a 4500 | ||
|---|---|---|---|
| 999 |
_c95063 _d95063 |
||
| 003 | BLK | ||
| 005 | 20220824101239.0 | ||
| 008 | 180408b bul|||||r ||||||| ||bul|| | ||
| 010 | _aKNG00099914000 | ||
| 040 | _aBLK | ||
| 041 |
_aBUL _cBUL |
||
| 080 |
_aРежисьори, театрални _b792.071.1 _x(497.2) _z792.071.1(497.2) |
||
| 080 |
_aКинорежисьори _b791.44.071.1 _x(497.2) _z791.44.071.1(497.2) |
||
| 100 | 1 |
_aГьорова, Севелина Цокова _eпърви автор _9371077 |
|
| 139 |
_aГьорова, Севелина Цокова _bГ 97 |
||
| 245 | 1 | 0 |
_aРежисьорите за своята професия _cСевелина Цокова Гьорова. |
| 257 | _aBGR | ||
| 260 |
_aСофия _bНаука и изкуство _c1974 |
||
| 300 |
_a264 с. _bс ил. _c20 см |
||
| 380 | _a7 | ||
| 650 | 4 |
_aКинорежисура _9158569 |
|
| 650 | 4 |
_aРежисьори, български _9262647 |
|
| 651 | 4 |
_aБългария _9241624 |
|
| 653 | _aрежисьори | ||
| 653 | _aкинорежисура | ||
| 852 | _aЦб 72865 | ||
| 856 | 4 | _qpdf | |
| 856 | 4 | _qpdf | |
| 942 |
_cKNG _n0 _01 _s1 |
||
| 944 |
_aCR _c24.02.2011 _lдобави в АБ / 23.02.2011 _kНаталия_Любомирова |
||
| 944 |
_aED _c2022-08-24 _kир |
||
| 999 | _d95063 | ||